[Event "48th Rilton Cup 2018"]
[Site "Stockholm"]
[Date "2018.12.31"]
[Round "5"]
[White "Liang, Awonder"]
[Black "Keinanen, Toivo"]
[Result "1-0"]
[WhiteElo "2589"]
[BlackElo "2404"]
[Annotator "RC"]
[PlyCount "129"]
[EventDate "2018.12.27"]
[EventType "swiss"]
[EventCountry "SWE"]
[SourceTitle "playchess.com"]
[Source "ChessBase"]
[SourceQuality "1"]
[TimeControl "40/5400+30:1800+30"]

1. e4 e6 2. d4 {[%emt 0:00:00]} d5 {[%emt 0:02:46]} 3. Nc3 {[%emt 0:00:00]} Nf6 {[%emt 0:00:05]} 4. e5 {[%emt 0:00:00]} Nfd7 {[%emt 0:00:07]} 5. f4 {[%emt 0:00:00]} c5 {[%emt 0:01:06]} 6. Nf3 {[%emt 0:00:02]} Nc6 {[%emt 0:00:03]} 7. Be3 {[%emt 0:00:00]} a6 {[%emt 0:02:17]} 8. Qd2 {[%emt 0:00:00]} b5 {[%emt 0:02:15]} 9. Nd1 cxd4 {[%emt 0:10:03]} 10. Nxd4 {[%emt 0:00:29]} Nxd4 {[%emt 0:01:31]} 11. Bxd4 {[%emt 0:00:09]} Bc5 {[%emt 0:02:58]} 12. Nf2 {[%emt 0:11:50]} Bxd4 {[%emt 0:12:11]} 13. Qxd4 {[%emt 0:00:01]} f6 {[%emt 0:03:12]} 14. Bd3 {[%emt 0:07:24]} Qb6 {[%emt 0:29:07]} 15. Qxb6 {[%emt 0:05:31]} Nxb6 {[%emt 0:00:01]} 16. O-O-O {[%emt 0:00:58]} fxe5 {[%emt 0:05:22]} 17. fxe5 {[%emt 0:00:02]} Ke7 {[%emt 0:01:19]} 18. Nh3 {[%emt 0:05:42]} Bb7 {[%emt 0:01:17]} 19. Ng5 {[%emt 0:03:38]} Raf8 {[%emt 0:02:56]} 20. Nxh7 {[%emt 0:27:46]} Rf2 {[%emt 0:05:46]} 21. Rdf1 {[%emt 0:00:18]} Rxf1+ {[%emt 0:03:31]} 22. Rxf1 {[%emt 0:00:02]} Nd7 {[%emt 0:01:16]} 23. Re1 {[%emt 0:02:40]} g6 {[%emt 0:02:41]} 24. Bxg6 {[%emt 0:01:03]} Rg8 {[%emt 0:00:09]} 25. Bd3 {[%emt 0:00:29]} Rxg2 {[%emt 0:00:16]} 26. h4 {[%emt 0:00:36]} Rh2 {[%emt 0:03:29]} 27. Rg1 {[%emt 0:03:30]} Rxh4 {[%emt 0:01:35]} 28. Rg7+ {[%emt 0:01:03]} Kd8 {[%emt 0:00:31]} 29. Ng5 {[%emt 0:04:14]} Nc5 {[%emt 0:01:59]} 30. Nxe6+ {[%emt 0:03:53]} Nxe6 {[%emt 0:00:01]} 31. Rxb7 {[%emt 0:00:08]} Rh5 {[%emt 0:01:14]} 32. Rb6 {[%emt 0:01:19]} Nc7 {[%emt 0:02:20]} 33. e6 {[%emt 0:00:23]} Re5 {[%emt 0:00:55]} 34. Rd6+ {[%emt 0:11:02]} Kc8 {[%emt 0:00:00]} 35. Bh7 {[%emt 0:00:11]} Nxe6 {[%emt 0:00:42]} 36. Rxa6 {[%emt 0:00:02]} Kb7 {[%emt 0:00:28]} 37. Ra3 {[%emt 0:00:02]} Rh5 {[%emt 0:01:59]} 38. Bd3 {[%emt 0:00:39]} Kb6 {[%emt 0:00:49]} 39. Ra8 {[%emt 0:05:57]} Nc7 {[%emt 0:00:38]} 40. Rb8+ {[%emt 0:00:03]} Kc5 {[%emt 0:00:28]} 41. b3 {[%emt 0:30:39]} Rh4 {[%emt 0:03:19]} 42. a3 {[%emt 0:00:00]} Rf4 {[%emt 0:01:42]} 43. Kb2 {[%emt 0:00:00]} Rh4 {[%emt 0:00:31]} 44. Rg8 {[%emt 0:00:00]} Kc6 {[%emt 0:08:38]} 45. Rg6+ {[%emt 0:00:00]} Kb7 {[%emt 0:00:02]} 46. Rd6 {[%emt 0:00:00]} Rf4 {[%emt 0:00:53]} 47. Bh7 {[%emt 0:00:00]} Rg4 {[%emt 0:01:45]} 48. Bf5 {[%emt 0:00:00]} Rd4 {[%emt 0:01:13]} 49. Bd7 {[%emt 0:00:00]} Rd1 {[%emt 0:01:10]} 50. Bc6+ {[%emt 0:00:00]} Ka7 {[%emt 0:01:18]} 51. Kc3 {[%emt 0:00:00]} Rc1 {[%emt 0:06:43]} 52. Rd7 {[%emt 0:00:00]} Kb6 {[%emt 0:00:42]} 53. Bxd5 {[%emt 0:00:00]} Rd1 {[%emt 0:01:00]} 54. Be6 {[%emt 0:00:00]} Re1 {[%emt 0:00:43]} 55. Bf5 {[%emt 0:00:00]} Kc6 {[%emt 0:00:31]} 56. Rh7 {[%emt 0:00:00]} Nd5+ {[%emt 0:00:26]} 57. Kd2 {[%emt 0:00:00]} Ra1 {[%emt 0:01:42]} 58. Be4 {[%emt 0:00:00]} Kd6 {[%emt 0:00:06]} 59. Bxd5 {[%emt 0:00:00]} Kxd5 {[%emt 0:00:07]} 60. Kc3 {[%emt 0:00:00]} Rxa3 {[%emt 0:01:14]} 61. Kb4 {[%emt 0:00:00]} Ra2 {[%emt 0:00:36]} 62. Rc7 {[%emt 0:00:00]} Kd6 {[%emt 0:00:27]} 63. Rc8 {[%emt 0:00:00]} Kd7 {[%emt 0:00:07]} 64. Rc5 {[%emt 0:00:00]} Kd6 {[%emt 0:00:07]} 65. Kxb5 {[%emt 0:00:00] Kd5} 1-0

[Event "48th Rilton Cup 2018"]
[Site "Stockholm"]
[Date "2018.12.31"]
[Round "5"]
[White "Volkov, Sergey"]
[Black "Lalith Babu M R"]
[Result "1/2-1/2"]
[WhiteElo "2583"]
[BlackElo "2529"]
[Annotator "ChessBase"]
[PlyCount "75"]
[EventDate "2018.12.27"]
[EventType "swiss"]
[EventCountry "SWE"]
[SourceTitle "playchess.com"]
[Source "ChessBase"]
[SourceQuality "1"]
[TimeControl "40/5400+30:1800+30"]

1. d4 {[%emt 0:00:00]} Nf6 {[%emt 0:00:00]} 2. c4 {[%emt 0:00:00]} e6 {[%emt 0:00:00]} 3. Nf3 {[%emt 0:00:00]} d5 {[%emt 0:00:00]} 4. Nc3 {[%emt 0:00:00]} Nbd7 {[%emt 0:00:02]} 5. cxd5 {[%emt 0:00:59]} exd5 {[%emt 0:00:11]} 6. Bf4 {[%emt 0:01:41]} c6 {[%emt 0:01:08]} 7. Qc2 {[%emt 0:01:33]} Nh5 {[%emt 0:01:16]} 8. Bd2 {[%emt 0:01:34]} Nhf6 {[%emt 0:03:16]} 9. Bg5 {[%emt 0:00:38]} Be7 {[%emt 0:00:20]} 10. e3 {[%emt 0:00:05]} O-O {[%emt 0:01:34]} 11. Bd3 {[%emt 0:00:27]} Re8 {[%emt 0:00:16]} 12. O-O {[%emt 0:00:33]} h6 {[%emt 0:00:10]} 13. Bf4 {[%emt 0:01:45]} Nf8 {[%emt 0:00:05]} 14. h3 {[%emt 0:01:55]} Bd6 {[%emt 0:18:32]} 15. Bxd6 {[%emt 0:03:37]} Qxd6 {[%emt 0:00:06]} 16. a3 {[%emt 0:00:10]} a5 {[%emt 0:11:02]} 17. Rab1 {[%emt 0:04:36]} Be6 {[%emt 0:01:35]} 18. Rfc1 {[%emt 0:01:29]} N8d7 {[%emt 0:00:59]} 19. Nd2 {[%emt 0:00:56]} Rec8 {[%emt 0:14:30]} 20. f4 {[%emt 0:08:28]} Nf8 {[%emt 0:05:26]} 21. Na4 {[%emt 0:01:58]} Qd8 {[%emt 0:01:01]} 22. b4 {[%emt 0:04:45]} axb4 {[%emt 0:00:56]} 23. axb4 {[%emt 0:00:12]} Ne8 {[%emt 0:00:25]} 24. Nc5 {[%emt 0:08:13]} b6 {[%emt 0:02:20]} 25. Nxe6 {[%emt 0:04:34]} Nxe6 {[%emt 0:00:19]} 26. f5 {[%emt 0:01:36]} Ng5 {[%emt 0:08:40]} 27. h4 {[%emt 0:00:32]} Nh7 {[%emt 0:00:06]} 28. Nf3 {[%emt 0:00:09]} Nhf6 {[%emt 0:02:35]} 29. Ne5 {[%emt 0:00:43]} Qe7 {[%emt 0:01:03]} 30. Qf2 {[%emt 0:11:38]} c5 {[%emt 0:00:31]} 31. b5 {[%emt 0:00:33]} c4 {[%emt 0:01:03]} 32. Bc2 {[%emt 0:00:37]} Nd6 {[%emt 0:00:10]} 33. Qf4 {[%emt 0:00:58]} Nfe4 {[%emt 0:05:01]} 34. Bxe4 {[%emt 0:01:26]} Nxe4 {[%emt 0:00:17]} 35. Nc6 {[%emt 0:00:33]} Qf6 {[%emt 0:09:17]} 36. Nb4 {[%emt 0:06:19]} Qd8 {[%emt 0:00:51]} 37. Nc6 {[%emt 0:00:17]} Qf6 {[%emt 0:01:58]} 38. Nb4 {[%emt 0:00:06]} 1/2-1/2

[Event "48th Rilton Cup 2018"]
[Site "Stockholm"]
[Date "2018.12.31"]
[Round "5"]
[White "Gopal G.N."]
[Black "Gholami, Aryan"]
[Result "1-0"]
[WhiteElo "2582"]
[BlackElo "2488"]
[Annotator "TA"]
[PlyCount "113"]
[EventDate "2018.12.27"]
[EventType "swiss"]
[EventCountry "SWE"]
[SourceTitle "playchess.com"]
[Source "ChessBase"]
[SourceQuality "1"]

{[%evp 21,113,12,22,19,14,4,0,0,41,40,53,29,43,37,55,42,54,21,17,17,20,12,7,7,8,2,7,7,7,7,9,0,0,0,0,0,0,0,28,-10,-2,-3,71,79,74,72,75,49,76,67,62,78,1229,958,29965,29964,5724,4819,29966,29963,3589,29958,29959,29960,29959,29961,29960,29962,29962,386,352,0,29963,29964,29965,29966,29966,-504,29967,29968,29968,29969,29967,29970,29975,29976,29976,29977,29976,29976,29978,29979,29979,29980]} 1. e4 c6 {[%cal Bc7c6,Bc6c5][%mdl 32]} 2. d4 d5 3. e5 Bf5 4. Nf3 e6 5. Be2 c5 6. Be3 Qb6 7. Nc3 Nc6 8. Na4 {B12: Caro-Kann: Advance Variation} Qa5+ 9. c3 cxd4 10. Nxd4 Nxd4 11. Bxd4 Ne7 {LiveBook: 13 Games} 12. O-O Nc6 13. b4 Qc7 14. Rc1 Be7 15. g4 Bg6 $146 (15... Be4) 16. f4 Be4 17. Nc5 Rd8 18. Be3 d4 19. Nxe4 dxe3 20. Qe1 g5 {aiming for ...gxf4.} 21. Qg3 ({Reject} 21. Nxg5 Bxg5 22. fxg5 Qxe5 $15) 21... gxf4 22. Qxf4 O-O 23. Nf6+ Bxf6 $1 24. exf6 {Threatening mate with Qg5+.} Qxf4 25. Rxf4 Rd2 $132 {[%mdl 2112] Double Attack. Black has counterplay} 26. Kf1 h6 27. h4 Kh7 28. Ke1 Rfd8 29. Rd1 Ne5 {And now ...Rxd1+ would win.} 30. Rxd2 exd2+ $11 {[%mdl 4096] Endgame KRB-KRN} 31. Kd1 Nd3 (31... Kg6 $11 {remains equal.}) 32. Bxd3+ $1 $16 Rxd3 {KR-KR} 33. h5 $1 Rxc3 34. Kxd2 Ra3 35. Rc4 Rxa2+ 36. Ke3 $1 {Threatens to win with Rc7.} Ra4 $2 {[%mdl 8192] [#]} (36... Rg2 $16) 37. Rc7 $1 $18 {[%cal Rc7f7]} Rxb4 38. Rxf7+ Kg8 39. Rg7+ Kf8 40. g5 Rb3+ 41. Ke4 (41. Kd4 $18 Rb4+ 42. Kc5) 41... Rb4+ 42. Ke5 Rb5+ 43. Kd6 Rb6+ 44. Kd7 e5 {[#]} 45. Rg8+ $3 {[%mdl 512]} Kf7 {Strongly threatening ...hxg5.} ({Not} 45... Kxg8 46. Ke7 $18) 46. Rg7+ $2 (46. Rb8 $18) 46... Kf8 {With the idea ...hxg5.} 47. Re7 hxg5 {[#]} 48. h6 $1 Rxf6 49. Re8+ Kf7 50. h7 {White mates.} Rh6 51. h8=Q Rxh8 52. Rxh8 {KR-KP} a5 53. Kd6 e4 54. Ke5 e3 55. Rh3 b5 56. Rxe3 b4 57. Kf5 {Accuracy: White = 81%, Black = 50%.} 1-0

[Event "48th Rilton Cup 2018"]
[Site "Stockholm"]
[Date "2018.12.31"]
[Round "5"]
[White "Kulaots, Kaido"]
[Black "D`Costa, Lorin A R"]
[Result "1/2-1/2"]
[WhiteElo "2555"]
[BlackElo "2390"]
[Annotator "TA"]
[PlyCount "62"]
[EventDate "2018.12.27"]
[EventType "swiss"]
[EventCountry "SWE"]
[SourceTitle "playchess.com"]
[Source "ChessBase"]
[SourceQuality "1"]

{[%evp 17,62,-4,12,0,8,11,16,-12,0,-12,-10,-8,-18,-10,-10,-14,-15,-15,0,-26,-33,-55,-35,-81,-45,-107,-112,-117,-107,-118,-89,-94,-104,-86,-72,-77,-81,-111,-81,-130,-20,-21,-22,-27,-4,-8,0]} 1. e4 c5 2. Nf3 e6 3. d4 cxd4 4. Nxd4 a6 5. Bd3 g6 6. c4 Bg7 7. Nb3 Ne7 8. Nc3 {B42: Sicilian: Kan Variation: 5 Bd3} (8. O-O O-O 9. Nc3 Nbc6 10. Be2 f5 11. exf5 Nxf5 12. Ne4 d5 13. Bg5 Nce7 14. Ng3 Bxb2 15. Rb1 Bg7 {½-½ (15) Peng,X (2648)-Ye,J (2671) Hebei 2001}) 8... O-O 9. Be2 Nbc6 {LiveBook: 4 Games} 10. Bg5 a5 $146 ({Predecessor:} 10... h6 11. Bf4 Ne5 12. Qd2 Kh7 13. O-O g5 14. Be3 N7g6 15. Na4 Nxc4 16. Bxc4 {0-1 (56) Utiatskaja,I (1915)-Ambarcumova,K (2318) Moscow 2012}) 11. a4 h6 12. Be3 d5 {White must now prevent ...d4.} 13. cxd5 exd5 14. Nxd5 Nxd5 15. exd5 Nb4 $36 {[%mdl 2048] Black has some pressure.} 16. O-O Bf5 {[%cal Bc8f5,Bf5e4,Be4d5,Bd5c6][%mdl 32] ...Bc2 is the strong threat.} 17. Nd4 Be4 18. f3 Bxd5 {Strongly threatening ...Re8.} 19. Qd2 Qh4 20. Nb5 Bc6 21. Bf2 (21. Bb6 $1 $15) 21... Rad8 22. Qc1 Qf6 23. Nc3 Nd3 24. Bxd3 Rxd3 25. Qc2 Rfd8 {And now ...Qg5 would win.} 26. Rad1 Qf5 27. Rxd3 Qxd3 28. Qb3 {[#]} Bxc3 (28... Rd4 $1 $17 {[%mdl 512] Threatens to win with ...Rb4.} 29. Rd1 (29. Bxd4 Bxd4+) 29... Rb4 30. Qxb4 Qxd1+ 31. Nxd1 axb4) 29. bxc3 Rd5 30. Re1 Rg5 {( -> ...Qxf3)} 31. Re3 Qd7 {Accuracy: White = 45%, Black = 48%.} 1/2-1/2

[Event "48th Rilton Cup 2018"]
[Site "Stockholm"]
[Date "2018.12.31"]
[Round "5"]
[White "Heberla, Bartlomiej"]
[Black "Nabaty, Tamir"]
[Result "1/2-1/2"]
[WhiteElo "2550"]
[BlackElo "2670"]
[Annotator "TA"]
[PlyCount "120"]
[EventDate "2018.12.27"]
[EventType "swiss"]
[EventCountry "SWE"]
[SourceTitle "playchess.com"]
[Source "ChessBase"]
[SourceQuality "1"]

{[%evp 17,120,0,21,0,0,0,0,0,0,-2,11,-6,0,0,0,-2,0,0,0,-11,-9,-26,-24,-41,-10,-3,-5,-13,0,-11,-8,-6,0,-13,0,-12,-8,-8,0,0,43,31,45,39,35,32,40,41,47,42,64,0,0,0,7,6,0,0,0,0,24,23,56,57,63,61,75,50,98,98,100,95,95,90,172,182,212,203,221,222,222,230,230,230,235,246,235,0,0,0,0,0,0,0,0,0,0,0,0,0,0,0,0,0,0]} 1. e4 e5 2. Nf3 Nf6 3. Nxe5 d6 4. Nf3 Nxe4 5. d3 Nf6 6. d4 d5 7. Bd3 Bd6 8. O-O O-O 9. h3 Nc6 {LiveBook: 11 Games} 10. Bg5 {C01: French: Exchange Variation} (10. c4 Nb4 11. c5 Nxd3 12. Qxd3 Be7 13. Nc3 b6 14. Be3 {½-½ (14) Polgar,J (2665)-Timman,J (2590) Yerevan 1996}) 10... h6 11. Bh4 g5 12. Bg3 Bxg3 13. fxg3 Ne4 14. g4 f5 15. gxf5 $1 Bxf5 {Threatening ...Qd6.} 16. Nc3 Qd6 17. Nb5 Qe7 $146 ({Predecessor:} 17... Qd7 18. c4 Ng3 19. Rf2 Ne4 20. Rf1 Ng3 21. Rf2 Ne4 {½-½ (19) Natacheev,P (2144)-Alavkin,A (2442) Samara 2007}) 18. Nc3 Rad8 19. Re1 Kh8 20. Nd2 {[%cal Rd3e4]} Nxd4 21. Ndxe4 dxe4 22. Nxe4 Qg7 {With the idea ...g4.} 23. Ng3 Bxd3 24. cxd3 Qg6 25. Qc1 Rd7 26. Re4 Qd6 27. Qe1 Rdf7 28. Qc3 c5 29. Ne2 Rd7 30. Nxd4 cxd4 31. Qe1 Rdf7 32. Rc1 Kg7 33. a3 Rf6 34. Re7+ (34. Rc4 $14) 34... R8f7 $11 35. Re4 Qb6 36. Rc2 Qb3 37. Rd2 Qb5 38. Qg3 Qc5 39. Kh2 Rf4 40. Rde2 Rxe4 41. Rxe4 $14 {[%mdl 4096] Endgame KQR-KQR} Kh7 42. Re6 Re7 43. b4 Qc7 {[#] Hoping for ...Qxg3+.} 44. Qd6 $1 Qxd6+ 45. Rxd6 $16 {KR-KR} b5 (45... h5 $16) 46. Rxd4 $18 Re6 47. Rd7+ Kg6 48. Rxa7 Rd6 49. Ra5 Rxd3 50. Rxb5 Rxa3 51. Rb6+ Kg7 52. g4 $2 {[#]} (52. b5 $18) 52... Ra2+ $11 {The position is equal.} 53. Kg3 Ra3+ 54. Kg2 Ra2+ 55. Kf3 Ra3+ 56. Kg2 Ra2+ 57. Kf3 Ra3+ 58. Ke4 Rxh3 59. Rd6 Rb3 60. Rd4 h5 {Accuracy: White = 67%, Black = 41%.} 1/2-1/2

[Event "48th Rilton Cup 2018"]
[Site "Stockholm"]
[Date "2018.12.31"]
[Round "5"]
[White "Hillarp Persson, Tiger"]
[Black "Schekachikhin, Maksim"]
[Result "1/2-1/2"]
[WhiteElo "2546"]
[BlackElo "2368"]
[Annotator "TA"]
[PlyCount "85"]
[EventDate "2018.12.27"]
[EventType "swiss"]
[EventCountry "SWE"]
[SourceTitle "playchess.com"]
[Source "ChessBase"]
[SourceQuality "1"]

{[%evp 23,85,48,57,-16,16,-49,-38,-122,-108,-118,-122,-121,-129,-104,0,-32,0,0,0,0,0,0,11,14,18,6,6,10,7,8,8,10,8,0,0,0,0,0,0,0,0,0,0,0,0,-8,-8,-8,0,-4,0,-5,-4,0,0,0,-7,-14,-12,-13,-13,-13,0,-8]} 1. c4 c5 2. Nf3 Nf6 3. g3 b6 4. Bg2 Bb7 5. O-O e6 6. Nc3 Be7 7. d4 cxd4 8. Qxd4 d6 9. Rd1 a6 10. Bg5 Nbd7 11. Qd2 O-O 12. Bf4 {A30: Symmetrical English: Double Fianchetto and Hedgehog} Ne8 {LiveBook: 145 Games} 13. Qe3 (13. e4 $14) (13. Rac1 h6 14. b3 Qc7 15. Ne1 Rd8 16. Nd3 Nef6 17. e4 Qb8 18. Qe2 Qa8 19. Re1 Rc8 20. Bd2 Rfd8 21. Rcd1 Bf8 22. Na4 Bc6 23. Nc3 Bb7 24. Na4 Bc6 {½-½ (24) Tomashevsky,E (2716)-Ivanchuk,V (2747) Doha 2016}) 13... Rc8 $146 ({Predecessor:} 13... Qc7 14. Bh3 Rd8 15. Nd4 Ne5 16. b3 Nf6 17. Bxe6 fxe6 18. Nxe6 Qc8 19. Nxd8 Qh3 20. f3 Nfg4 21. Nxb7 Qxh2+ 22. Kf1 Nxe3+ 23. Bxe3 Nxf3 24. Nd5 Nd4+ 25. Bf4 Qxe2+ {0-1 (25) Cox,T (2160)-Mannion,S (2361) Sunningdale 2008}) 14. b3 (14. Qd3 $11) 14... e5 $1 $15 {[%cal Re5f4]} 15. Bg5 (15. Bxe5 $15 Bxf3 16. Bxg7 Nxg7 17. Bxf3) 15... f6 $17 16. Bh4 Bxf3 17. Qxf3 {[#] Black must now prevent Qf5.} g5 $1 18. Bh3 {White wants to play Nd5.} Ng7 (18... Kh8 $17 19. Qf5 Rc7) 19. Ne4 (19. Bxg5 $5 fxg5 20. Qb7 $11) 19... gxh4 20. Nxd6 {The position is equal.} Bxd6 21. Rxd6 f5 22. Rad1 e4 23. Qe3 Rf7 24. Qd4 {[%cal Rd6d7]} Rc7 {[#] ...Qg5 is the strong threat.} 25. Qxb6 $1 {[%mdl 512]} hxg3 (25... Nxb6 26. Rxd8+) 26. hxg3 Nxb6 27. Rxd8+ Rf8 28. R8d6 Rb8 29. Rf6 Rf7 30. Rc6 a5 31. Rdd6 Nc8 32. Rd8+ {[%mdl 64] Double Attack} Rf8 33. Rxf8+ Kxf8 34. Bxf5 {[%mdl 64] Decoy} Nxf5 35. Rf6+ {[%mdl 64] Double Attack} Kg7 36. Rxf5 $11 {[%mdl 4096] Endgame KRN-KR} a4 37. Re5 axb3 38. axb3 Rxb3 39. Rxe4 Rc3 40. Kh2 Nd6 41. Re7+ Kg8 42. Re6 Nxc4 43. Rc6 {Accuracy: White = 44%, Black = 72%.} 1/2-1/2

[Event "48th Rilton Cup 2018"]
[Site "Stockholm"]
[Date "2018.12.31"]
[Round "5"]
[White "Urkedal, Frode Olav Olsen"]
[Black "Karthikeyan, Murali"]
[Result "1/2-1/2"]
[WhiteElo "2537"]
[BlackElo "2591"]
[Annotator "TA"]
[PlyCount "90"]
[EventDate "2018.12.27"]
[EventType "swiss"]
[EventCountry "SWE"]
[SourceTitle "playchess.com"]
[Source "ChessBase"]
[SourceQuality "1"]

{[%evp 21,90,29,28,16,19,-26,0,-5,39,26,26,14,36,22,49,33,56,52,41,40,50,29,29,0,0,0,33,31,31,40,41,31,30,42,55,37,125,109,91,0,0,0,0,0,0,0,0,0,0,0,0,0,0,0,0,0,0,0,0,-23,0,0,0,0,0,0,0,0,0,0,0]} 1. d4 Nf6 2. c4 g6 3. Nc3 Bg7 4. e4 d6 5. Nf3 O-O 6. h3 e5 7. d5 Na6 8. Be3 Nh5 9. g3 {E90: King's Indian: Classical: Early deviations and 6 h3} (9. a3 c5 10. dxc6 bxc6 11. b4 f5 12. Qa4 c5 13. Rd1 Bb7 14. bxc5 f4 15. c6 fxe3 16. cxb7 exf2+ 17. Kd2 Nc5 18. bxa8=Q Qxa8 {0-1 (18) Kovalenko,I (2684)-Mamedov,R (2688) Tallinn 2016}) 9... f5 10. exf5 gxf5 11. Nh4 Nf6 {LiveBook: 9 Games} 12. Qd2 Nc5 $146 ({Predecessor:} 12... c6 13. O-O-O cxd5 14. Nxd5 Ne4 15. Qd3 Be6 {0-1 (51) Neumeier,K (2260)-Kessler,L (2364) Vienna 2015}) 13. O-O-O b6 14. Rg1 a5 15. Qc2 a4 16. a3 Bd7 17. Kb1 Rb8 18. f3 {[%cal Bf2f3,Bf3f4][%mdl 32]} Rf7 19. Bf2 e4 20. f4 Qe7 21. Ng2 e3 22. Nxe3 (22. Bxe3 {keeps more tension.} Nfe4 23. Nb5 Nxg3 24. Nxc7 Rb7 25. Re1) 22... Nfe4 {next ...Nxc3+ is good for Black.} 23. Nxe4 Nxe4 24. Be1 Nc5 25. Ng2 b5 26. cxb5 Bxb5 27. Bxb5 Rxb5 28. Bb4 $1 Na6 (28... Qe4 $14) 29. Rge1 $16 Nxb4 30. axb4 (30. Qxa4 $16 Qf6 31. Rd2 Rxd5 32. Re8+ (32. Qxb4 Rxd2 33. Qxd2 Rf8 $16) 32... Rf8 33. Rxf8+ (33. Qxb4 Rxe8 34. Rxd5 Qxb2+ 35. Qxb2 Bxb2 $14) 33... Bxf8 34. Qxb4 Rxd2 35. Qxd2) 30... Qf8 $11 31. Qc6 Rxb4 32. Re8 $1 {Rd2 is the strong threat.} Rxb2+ {[%mdl 64] Double Attack} 33. Kc1 {And now Rd2 would win.} Rxg2 34. Qxa4 {[#]} Qxe8 $1 {[%mdl 576] Remove Defender} 35. Qxe8+ Rf8 36. Qe6+ Kh8 {( -> ...Bb2+)} 37. Re1 {Hoping for Qd7.} Ra8 $1 {[%cal Ra8a1]} 38. Qe8+ $1 Rxe8 39. Rxe8+ {[#]} Bf8 $1 {[%mdl 512]} 40. Rxf8+ {[%mdl 4160] Endgame Double Attack. KR-KR} Kg7 41. Rc8 {The position is equal.} Rxg3 42. Rxc7+ Kg6 43. Rd7 Rxh3 44. Kd2 Rf3 45. Rxd6+ Kf7 {Accuracy: White = 67%, Black = 67%.} 1/2-1/2

[Event "48th Rilton Cup 2018"]
[Site "Stockholm"]
[Date "2018.12.31"]
[Round "5"]
[White "Santos Ruiz, Miguel"]
[Black "Lagarde, Maxime"]
[Result "0-1"]
[WhiteElo "2523"]
[BlackElo "2616"]
[Annotator "TA"]
[PlyCount "93"]
[EventDate "2018.12.27"]
[EventType "swiss"]
[EventCountry "SWE"]
[SourceTitle "playchess.com"]
[Source "ChessBase"]
[SourceQuality "1"]

{[%evp 26,93,7,0,0,0,0,-14,10,10,17,8,52,52,52,49,44,45,49,51,62,0,35,38,35,25,25,25,25,25,50,44,52,0,0,0,0,0,0,-445,-375,-502,-482,-681,-562,-701,-708,-708,-706,-618,-620,-1317,-93,-86,-93,-12845,-1643,-29938,-12851,-29939,-29940,-29937,-29942,-29940,-29941,-29944,-29945,-29937,-5632,-4682]} 1. e4 c5 2. Nf3 Nc6 3. Bb5 g6 4. Bxc6 dxc6 5. d3 Bg7 6. h3 Nf6 7. Nc3 Nd7 8. Be3 e5 9. Qd2 h6 {B31: Sicilian: 2...Nc6 3 Bb5 g6} 10. O-O b6 11. Nh2 Nf8 12. f4 exf4 13. Rxf4 Be6 14. Raf1 {[#] LiveBook: 3 Games} g5 $146 ({Predecessor:} 14... Nd7 15. R4f2 Qe7 16. Ne2 Ne5 17. Nf3 {0-1 (39) Gu,X (2354)-Wang,H (2713) Hanoi 2018}) 15. R4f2 Qd6 16. a4 Nd7 17. Nf3 Ne5 18. a5 g4 19. Nxe5 Bxe5 20. hxg4 Rg8 21. Bf4 Rxg4 22. Bxe5 ({Stronger than} 22. Bxh6 Bh2+ 23. Kh1 Rh4 $19) 22... Qxe5 23. axb6 (23. Qxh6 $14 Ke7 24. Qf6+ Qxf6 25. Rxf6) 23... axb6 24. Qxh6 Ke7 25. Qf6+ Qxf6 26. Rxf6 b5 27. b3 Kd6 28. Rh6 Ke5 29. Rh5+ (29. Nd1 $14) 29... Kd4 $1 $11 {[%cal Rd4c3]} 30. Nd1 b4 31. Rf2 Ra1 32. Rd2 $2 {[%mdl 8192]} (32. Rf1 $11 {and White is okay.}) 32... Rg8 $1 $19 {aiming for ...Bg4.} 33. Kf2 Bg4 $1 {[%csl LRd1,LRh5][%mdl 64] Double Attack} 34. Rh1 (34. Rxc5 $142 Kxc5 35. d4+ Kb5 36. Ne3) 34... Rxd1 35. Rdxd1 Bxd1 36. Rxd1 {[%mdl 4096] Endgame KR-KR} Kc3 37. Rh1 Kxc2 38. Rh5 Kxb3 $2 (38... c4 $1 $19 39. dxc4 Kxb3) 39. Rxc5 $17 Ka4 {And now ...b3 would win.} 40. Rxc6 $2 {[%mdl 8192]} (40. Ke3 $17) 40... Rb8 $1 $19 41. Ra6+ Kb5 42. Ra1 b3 {[%cal Bb4b3,Bb3b2][%mdl 32]} 43. Ke3 b2 44. Rb1 {[#]} Ka4 $1 {[%cal Ra4b3]} 45. d4 {[#]} Kb3 $1 {[%cal Rb3c2]} 46. Kd3 Ka2 47. Rf1 {Accuracy: White = 22%, Black = 74%.} 0-1

[Event "48th Rilton Cup 2018"]
[Site "Stockholm"]
[Date "2018.12.31"]
[Round "5"]
[White "Valsecchi, Alessio"]
[Black "Zou, Chen"]
[Result "1-0"]
[WhiteElo "2497"]
[BlackElo "2384"]
[Annotator "TA"]
[PlyCount "29"]
[EventDate "2018.12.27"]
[EventType "swiss"]
[EventCountry "SWE"]
[SourceTitle "playchess.com"]
[Source "ChessBase"]
[SourceQuality "1"]

{[%evp 1,1,5]} 1. c4 {Predecessor:} e5 $146 2. Nc3 Nf6 3. Nf3 Nc6 4. g3 d5 5. cxd5 Nxd5 6. Bg2 Bc5 7. O-O O-O 8. d3 Re8 9. Bg5 Nxc3 10. bxc3 f6 11. Bc1 Be6 12. Bb2 Bb6 13. d4 Bd5 14. Qc2 exd4 15. cxd4 {½-½ (56) Carlsen,M (2835)-Caruana,F (2832) London 2018} 1-0